| 000 | 01735cam a22003858i 4500 | ||
|---|---|---|---|
| 001 | 21056614 | ||
| 003 | NUST | ||
| 005 | 20221007092147.0 | ||
| 008 | 190701s2019 flu b 001 0 eng | ||
| 010 | _a 2019025186 | ||
| 020 |
_a9781138591288 _q(hardback) |
||
| 020 |
_a9781138591264 _q(paperback) |
||
| 020 |
_z9780429490521 _q(ebook) |
||
| 040 |
_aLBSOR/DLC _beng _erda _cDLC |
||
| 042 | _apcc | ||
| 050 | 0 | 0 |
_aTR897.5 _b.W65 2019 |
| 082 | 0 | 0 |
_a777.7, WIN _223 |
| 100 | 1 |
_aWinder, Catherine, _eauthor. _999422 |
|
| 245 | 1 | 0 |
_aProducing animation / _cby Catherine Winder, Zahra Dowlatabadi, Tracey Miller-Zarneke. |
| 250 | _a3rd edition. | ||
| 263 | _a1912 | ||
| 264 | 1 |
_aBoca Raton : _bCRC Press, _c[2019] |
|
| 300 | _axviii, 369: pages | ||
| 336 |
_atext _btxt _2rdacontent |
||
| 337 |
_aunmediated _bn _2rdamedia |
||
| 338 |
_avolume _bnc _2rdacarrier |
||
| 505 | 0 | _aIntroduction (Page-1), The animation producer (Page-13), How to identify and sell projects (Page-39),The core team (Page-59),The development process (Page-85),The production plan (Page-127),The production team (Page-165),Pre-production (page-189), Production (Page-229),Post-production (Page-265),Tracking production (Page-289),Building a franchise: distribution, marketing, licensing and more (Page-307). | |
| 650 | 0 |
_aAnimation (Cinematography) _926843 |
|
| 700 | 1 |
_aDowlatabadi, Zahra, _eauthor. _999423 |
|
| 700 | 1 |
_aMiller-Zarneke, Tracey, _eauthor. _999424 |
|
| 776 | 0 | 8 |
_iOnline version: _aWinder, Catherine. _tProducing animation _bThird edition. _dBoca Raton : CRC Press, Taylor & Francis Group, [2020] _z9780429490521 _w(DLC) 2019025187 |
| 906 |
_a7 _bcbc _corignew _d1 _eecip _f20 _gy-gencatlg |
||
| 942 |
_2ddc _cBK |
||
| 999 |
_c591557 _d591557 |
||